[Event "SVK-ch U12"]
[Site "Liptovsky Mikulas"]
[Date "2007.04.22"]
[Round "1"]
[White "Sklars, Tomas"]
[Black "Kost, David"]
[Result "1-0"]
[WhiteElo "1432"]
[BlackElo "1350"]
[PlyCount "63"]
[EventDate "2007.04.22"]
[EventType "swiss"]
[EventRounds "9"]
[EventCountry "SVK"]
[SourceTitle "EXT 2008"]
[Source "ChessBase"]
[SourceDate "2007.11.25"]
[SourceVersion "1"]
[SourceVersionDate "2007.11.25"]
[SourceQuality "1"]

1. e4 e5 2. Nf3 Nc6 3. Bc4 Bc5 4. 0-0 Nf6 5. d3 0-0 6. Bg5 d6 7. h3 h6 8. Bh4 Bd7 9. Nc3 a6 10. Nd5 g5 11. Bg3 Nxd5 12. Bxd5 Rb8 13. Qd2 Nd4 14. Nxd4 Bxd4 15. c3 Ba7 16. d4 exd4 17. cxd4 Bb5 18. Rfe1 c5 19. dxc5 Bxc5 20. e5 dxe5 21. Bxe5 Bd6 22. Bxd6 Qf6 23. Bxb8 Rxb8 24. Re3 Rd8 25. Rf3 Qd6 26. Bxf7+ Kh7 27. Qxd6 Rxd6 28. Bb3 Bc6 29. Rf7+ Kh8 30. Re1 h5 31. Ree7 Bd5 32. Re8# 1-0